[Event "L. Polugaevsky Memorial 2012"]
[Site "Samara"]
[Date "2012.07.09"]
[Round "5.1"]
[White "Fedorov, Alexei"]
[Black "Smirnov, Pavel"]
[Result "1-0"]
[WhiteElo "2562"]
[BlackElo "2592"]
[PlyCount "125"]
[EventDate "2012.07.05"]

1. e4 e5 2. Nf3 Nc6 3. Bb5 Nf6 4. d3 Bc5 5. c3 O-O 6. O-O d6 7. Bg5 h6 8. Bh4
g5 9. Bg3 Nh5 10. Nbd2 Nxg3 11. hxg3 g4 12. Nh4 Qg5 13. Bxc6 bxc6 14. Nc4 Be6
15. Qa4 Bd7 16. Rad1 Rad8 17. Na5 Rde8 18. b4 Bb6 19. c4 Rd8 20. Nxc6 a6 21.
Nf5 Kh7 22. Rc1 Qf6 23. Rc2 Ra8 24. Ne3 Qe6 25. Nd5 f5 26. c5 dxc5 27. bxc5
Bxc6 28. Qa3 fxe4 29. dxe4 Ba7 30. Nxc7 Qg6 31. Re1 Rac8 32. Nxa6 Bxe4 33. Rce2
Bb7 34. Rxe5 Rce8 35. Qb3 Rxe5 36. Rxe5 Qf7 37. Qe3 Kg8 38. Nb4 Qg6 39. Re7 Rf7
40. Re8+ Rf8 41. Re7 Rf7 42. Re8+ Kh7 43. Nd3 Qf5 44. Qd4 Rf8 45. Re7+ Rf7 46.
Re8 Rf8 47. Re5 Qf6 48. Qxg4 Bc8 49. Qe2 Bf5 50. Nf4 Bb8 51. Re7+ Rf7 52. Nd5
Qg7 53. Re8 Ba7 54. Qc4 Qg4 55. Nf4 Rc7 56. Re5 h5 57. Qd5 Rd7 58. Qa8 h4 59.
Qf8 hxg3 60. fxg3 Qd1+ 61. Kh2 Bg4 62. Rg5 Be6 63. Nxe6 1-0

[Event "L. Polugaevsky Memorial 2012"]
[Site "Samara"]
[Date "2012.07.09"]
[Round "5.2"]
[White "Yemelin, Vasily"]
[Black "Maletin, Pavel"]
[Result "1/2-1/2"]
[WhiteElo "2577"]
[BlackElo "2596"]
[PlyCount "102"]
[EventDate "2012.07.05"]

1. c4 Nf6 2. Nc3 g6 3. e4 d6 4. g3 c5 5. Bg2 Nc6 6. Nge2 Bg7 7. O-O O-O 8. d3
a6 9. h3 Rb8 10. a4 Bd7 11. Be3 Qc8 12. Kh2 Nb4 13. Rc1 b5 14. cxb5 axb5 15.
axb5 Bxb5 16. Nxb5 Rxb5 17. d4 Na2 18. Rc2 Nb4 19. Rc1 Na2 20. Rc2 Rd8 21. Nc3
Nxc3 22. bxc3 Nd7 23. f4 Qb8 24. Qe2 Rb3 25. dxc5 Nxc5 26. Bxc5 dxc5 27. e5 e6
28. Rd1 g5 29. Ra2 Rf8 30. Ra8 Rb2 31. Rd2 Rxd2 32. Qxd2 Qc7 33. c4 h5 34.
Rxf8+ Kxf8 35. Qd6+ Qxd6 36. exd6 h4 37. g4 gxf4 38. Kg1 Be5 39. d7 Ke7 40. Bc6
Bc7 41. Kf2 Kd6 42. d8=Q+ Bxd8 43. Be8 f6 44. Kf3 e5 45. Ke4 Kc7 46. Bh5 Kb6
47. g5 fxg5 48. Kxe5 Ka5 49. Ke4 Kb4 50. Kd3 Bf6 51. Bg4 Bd4 1/2-1/2

[Event "L. Polugaevsky Memorial 2012"]
[Site "Samara"]
[Date "2012.07.09"]
[Round "5.3"]
[White "Gabrielian, Artur"]
[Black "Frolyanov, Dmitry"]
[Result "0-1"]
[WhiteElo "2594"]
[BlackElo "2564"]
[PlyCount "149"]
[EventDate "2012.07.05"]

1. e4 e5 2. Nf3 Nf6 3. Nxe5 d6 4. Nf3 Nxe4 5. d4 d5 6. Bd3 Bd6 7. O-O O-O 8. c4
c6 9. Qc2 Na6 10. a3 Bg4 11. Nbd2 Nxd2 12. Nxd2 Qh4 13. g3 Qh5 14. c5 Be7 15.
Nb3 Nc7 16. Be3 Ne6 17. f4 Bf6 18. Rae1 Rae8 19. Qf2 Bh3 20. Nd2 Bxf1 21. Rxf1
Nc7 22. Nf3 Qg4 23. Kg2 Qe6 24. Bd2 b6 25. f5 Qd7 26. cxb6 axb6 27. Bb4 c5 28.
dxc5 bxc5 29. Bxc5 Be7 30. f6 Bxf6 31. Bxf8 Rxf8 32. Nd4 Rb8 33. b4 Ra8 34. Rc1
Rxa3 35. Bf5 Qd8 36. Nb5 Nxb5 37. Rc8 Qxc8 38. Bxc8 Nc3 39. Kh3 Ne4 40. Qb6 g6
41. Bb7 Rd3 42. Kg2 Rd2+ 43. Kf3 Kg7 44. Ke3 Bg5+ 45. Kf3 Rxh2 46. Bxd5 Nd2+
47. Kg4 f6 48. Qa7+ Kh6 49. Be6 Nf1 50. Qg1 f5+ 51. Bxf5 gxf5+ 52. Kxf5 Ne3+
53. Ke6 Ng4 54. b5 Re2+ 55. Kd7 Nf6+ 56. Kc8 Re8+ 57. Kb7 Re7+ 58. Kc8 Be3 59.
Qh1+ Kg7 60. Qc6 Kf7 61. Qc4+ Re6 62. g4 h6 63. Qa2 Ke7 64. Qc4 Kf7 65. Qc7+
Kf8 66. Qc4 Re4 67. Qc6 Kf7 68. Qc7+ Kg6 69. b6 Re8+ 70. Kb7 Re6 71. Qc2+ Kf7
72. Qc7+ Re7 73. Ka6 Bxb6 74. Qc8 Be3 75. Kb5 0-1

[Event "L. Polugaevsky Memorial 2012"]
[Site "Samara"]
[Date "2012.07.09"]
[Round "5.4"]
[White "Khismatullin, Denis"]
[Black "Tukhaev, Adam"]
[Result "1-0"]
[WhiteElo "2664"]
[BlackElo "2546"]
[PlyCount "67"]
[EventDate "2012.07.05"]

1. c4 e5 2. Nc3 Nf6 3. g3 Bb4 4. Bg2 O-O 5. Nf3 Re8 6. O-O c6 7. d3 h6 8. Bd2
Bf8 9. e4 d5 10. exd5 cxd5 11. cxd5 Bf5 12. Re1 Nbd7 13. Nh4 Bg4 14. Qb3 Nc5
15. Qc2 Rc8 16. h3 Bd7 17. b4 Na6 18. a3 Bd6 19. Qb3 Nh7 20. Ne4 Bf8 21. Bc3
Ng5 22. Nxg5 hxg5 23. Nf3 f6 24. d4 e4 25. Ne5 fxe5 26. dxe5 Ba4 27. Qxa4 Rxc3
28. Rxe4 Nc7 29. d6 Ne6 30. Rd1 a5 31. Ree1 axb4 32. axb4 Qa8 33. Qb5 Kh8 34.
Bd5 1-0

[Event "L. Polugaevsky Memorial 2012"]
[Site "Samara"]
[Date "2012.07.09"]
[Round "5.6"]
[White "Kopylov, Alexander A"]
[Black "Kokarev, Dmitry"]
[Result "1-0"]
[WhiteElo "2446"]
[BlackElo "2616"]
[PlyCount "77"]
[EventDate "2012.07.05"]

1. d4 Nf6 2. Nf3 g6 3. c4 Bg7 4. g3 O-O 5. Bg2 d5 6. cxd5 Nxd5 7. O-O Nb6 8.
Nc3 Nc6 9. d5 Na5 10. e4 c6 11. Bf4 cxd5 12. Nxd5 Nxd5 13. exd5 Nc4 14. Qb3 Nd6
15. Rfe1 Re8 16. Rac1 a5 17. Be3 a4 18. Qb4 Nf5 19. Bc5 Qxd5 20. Nd4 Qd8 21.
Nxf5 Bxf5 22. Bxb7 Rb8 23. Ba7 Rxb7 24. Qxb7 Qd2 25. Be3 Qxb2 26. Qc6 Rb8 27.
Qxa4 h5 28. h4 Bf6 29. a3 Rb3 30. Rcd1 Rb8 31. Rc1 Be6 32. Rc2 Qb7 33. Qc6 Qb3
34. a4 Bd5 35. Qc7 Ra8 36. a5 Qa4 37. Bb6 Qg4 38. Rd2 Bf3 39. Re3 1-0

[Event "L. Polugaevsky Memorial 2012"]
[Site "Samara"]
[Date "2012.07.09"]
[Round "5.7"]
[White "Bocharov, Dmitry"]
[Black "Nugumanov, Bakhtiyar"]
[Result "0-1"]
[WhiteElo "2600"]
[BlackElo "2279"]
[PlyCount "88"]
[EventDate "2012.07.05"]

1. d4 Nf6 2. c4 g6 3. g3 Bg7 4. Bg2 O-O 5. Nc3 d6 6. Nf3 Nc6 7. O-O Bf5 8. Ne1
a6 9. e4 Bd7 10. Nc2 Rb8 11. Re1 e5 12. d5 Nd4 13. Nxd4 exd4 14. Ne2 c5 15.
dxc6 bxc6 16. Nxd4 Ng4 17. Nb3 Be6 18. Qc2 a5 19. h3 Ne5 20. Nd4 Bxc4 21. Nxc6
Bd3 22. Qd1 Nxc6 23. Qxd3 Bxb2 24. Rb1 Bxc1 25. Rexc1 Ne5 26. Qd5 Rxb1 27. Rxb1
Qc7 28. Rb7 Qc1+ 29. Kh2 Qa3 30. Ra7 Nf3+ 31. Bxf3 Qxf3 32. Qd4 Qa3 33. Qd2 Qb4
34. Qd5 Qb6 35. Rxa5 Qxf2+ 36. Kh1 Qxg3 37. Ra8 Qxh3+ 38. Kg1 Qg4+ 39. Kh2 Qf4+
40. Kg2 h5 41. Rxf8+ Kxf8 42. a4 h4 43. Qd3 Ke7 44. Kh3 Qg3+ 0-1

[Event "L. Polugaevsky Memorial 2012"]
[Site "Samara"]
[Date "2012.07.09"]
[Round "5.8"]
[White "Virovlansky, Semen"]
[Black "Kovalenko, Igor"]
[Result "0-1"]
[WhiteElo "2471"]
[BlackElo "2556"]
[PlyCount "140"]
[EventDate "2012.07.05"]

1. d4 Nf6 2. c4 e6 3. g3 d5 4. Bg2 Bb4+ 5. Bd2 Be7 6. Nf3 O-O 7. O-O Nbd7 8.
cxd5 exd5 9. b4 Re8 10. Qb3 Bd6 11. e3 Nb6 12. b5 Bf5 13. Bb4 Qd7 14. a4 Bh3
15. Nbd2 Bxg2 16. Kxg2 Qf5 17. a5 Nbd7 18. Rac1 Rac8 19. Bxd6 cxd6 20. b6 axb6
21. axb6 Ra8 22. Rc7 Reb8 23. Qb5 g6 24. Rfc1 Qe6 25. Ng5 Qf5 26. Ngf3 Qe6 27.
Ne1 Ra6 28. Rxb7 Rxb7 29. Qxa6 Rxb6 30. Qc8+ Kg7 31. Nd3 g5 32. Rc6 Rxc6 33.
Qxc6 Ne4 34. Qc2 h5 35. Nb4 h4 36. f3 Nef6 37. Qd3 h3+ 38. Kf2 g4 39. f4 Nb6
40. Qb5 Nc4 41. Nxc4 Ne4+ 42. Kg1 Nc3 43. Qb7 Qe4 44. Qxf7+ Kxf7 45. Nxd6+ Ke6
46. Nxe4 Nxe4 47. Nd3 Kf5 48. Ne5 Nd6 49. Kf1 Ne4 50. Nf7 Kg6 51. Ng5 Nf6 52.
Ne6 Kf5 53. Nc7 Ke4 54. Ke2 Kf5 55. Nb5 Ne4 56. Kf1 Ke6 57. Nc7+ Kd6 58. Nb5+
Kc6 59. Na3 Kb6 60. Nc2 Kb5 61. f5 Kc4 62. Kg1 Kb3 63. Ne1 Kc3 64. Ng2 hxg2 65.
Kxg2 Kd3 66. h3 gxh3+ 67. Kxh3 Kxe3 68. Kh4 Kxd4 69. g4 Ke5 70. Kh5 Kf6 0-1

[Event "L. Polugaevsky Memorial 2012"]
[Site "Samara"]
[Date "2012.07.09"]
[Round "5.10"]
[White "Smirnov, Alexey"]
[Black "Iljushin, Alexei"]
[Result "1-0"]
[WhiteElo "2414"]
[BlackElo "2517"]
[PlyCount "115"]
[EventDate "2012.07.05"]

1. d4 d5 2. c4 c6 3. Nf3 Nf6 4. Nc3 a6 5. g3 dxc4 6. Bg2 b5 7. Ne5 Bb7 8. O-O
e6 9. b3 cxb3 10. axb3 Be7 11. Bb2 O-O 12. Qc2 Qb6 13. Ne4 Nxe4 14. Qxe4 Ra7
15. b4 Qd8 16. Qe3 Bxb4 17. d5 c5 18. Ng4 f6 19. Qxe6+ Kh8 20. Qf5 Bc8 21. Qf4
c4 22. Qxb8 Rc7 23. Ne3 Qd6 24. Bd4 Bc5 25. Bxc5 Qxc5 26. d6 Rcf7 27. d7 Rxd7
28. Rfd1 Rxd1+ 29. Rxd1 c3 30. Rd5 Qe7 31. Qb6 Bb7 32. Rc5 Bxg2 33. Kxg2 Qe4+
34. Kh3 Qd4 35. Qc7 Qd2 36. Rxc3 Qxe2 37. Kg2 Qa2 38. Qe7 Qg8 39. Qb7 Ra8 40.
Ra3 h6 41. Rxa6 Rxa6 42. Qxa6 b4 43. Qc4 b3 44. Qxg8+ Kxg8 45. Nc4 Kf7 46. Kf3
Ke6 47. Ke4 h5 48. Kd3 h4 49. Kc3 hxg3 50. hxg3 f5 51. Nd2 Ke5 52. Nf3+ Kd5 53.
Kxb3 Ke4 54. Ne1 f4 55. gxf4 Kxf4 56. Kc3 g5 57. Kd2 g4 58. Ke2 1-0

[Event "L. Polugaevsky Memorial 2012"]
[Site "Samara"]
[Date "2012.07.09"]
[Round "5.11"]
[White "Natacheev, Peter"]
[Black "Goganov, Aleksey"]
[Result "0-1"]
[WhiteElo "2242"]
[BlackElo "2509"]
[PlyCount "90"]
[EventDate "2012.07.05"]

1. e4 c5 2. Nf3 Nc6 3. d3 g6 4. g3 Bg7 5. Bg2 e5 6. O-O Nge7 7. c4 O-O 8. Nc3
d6 9. Be3 f5 10. Qd2 Nd4 11. Bg5 Ne6 12. Bxe7 Qxe7 13. Nd5 Qd8 14. exf5 gxf5
15. Rae1 Bd7 16. b4 cxb4 17. Qxb4 Bc6 18. Qd2 Bxd5 19. cxd5 Nc5 20. d4 exd4 21.
Nxd4 Bxd4 22. Qxd4 Qf6 23. Qxf6 Rxf6 24. Re7 Rf7 25. Rfe1 Kf8 26. R7e3 b5 27.
Bh3 f4 28. gxf4 Rxf4 29. Be6 Kg7 30. Kg2 a5 31. Kg3 Raf8 32. f3 b4 33. Bg4 Kg6
34. h4 h5 35. Be6 a4 36. Rb1 Rd4 37. Rb2 Rd3 38. Rxd3 Nxd3 39. Rd2 Nc5 40. Rb2
Rb8 41. f4 a3 42. Rg2 b3 43. f5+ Kf6 44. axb3 Nxe6 45. fxe6 Rg8+ 0-1

[Event "L. Polugaevsky Memorial 2012"]
[Site "Samara"]
[Date "2012.07.09"]
[Round "5.12"]
[White "Artamonov, Valery"]
[Black "Ovetchkin, Roman"]
[Result "1/2-1/2"]
[WhiteElo "2211"]
[BlackElo "2501"]
[PlyCount "140"]
[EventDate "2012.07.05"]

1. c4 e5 2. g3 Nf6 3. Bg2 c6 4. d4 Bb4+ 5. Bd2 Bxd2+ 6. Qxd2 e4 7. d5 O-O 8.
Nc3 Re8 9. e3 d6 10. Nge2 c5 11. Qc2 Bf5 12. h3 Na6 13. a3 h6 14. O-O Re5 15.
Rfb1 Qd7 16. g4 Bg6 17. Nf4 Bh7 18. Qa4 Qe7 19. Qd1 g5 20. Nfe2 h5 21. Ng3 hxg4
22. hxg4 Kg7 23. Bh3 Rh8 24. Kg2 Bg6 25. Nce2 Rxh3 26. Kxh3 Nxg4 27. Qg1 Qd7
28. Kg2 Re8 29. Qe1 Ne5 30. Qc3 Qg4 31. Rh1 f5 32. Rag1 f4 33. exf4 gxf4 34.
Kf1 fxg3 35. Rxg3 Qf5 36. Qe3 Rf8 37. Qh6+ Kf7 38. Rh4 Qf6 39. Rf4 Bf5 40. Qh5+
Ke7 41. Rg5 Bg6 42. Qh3 Rh8 43. Rxf6 Rxh3 44. Rfxg6 Nxg6 45. Rxg6 Rb3 46. Nc3
Nc7 47. Nxe4 Ne8 48. Re6+ Kd7 49. Ke1 Rxb2 50. f4 Ra2 51. f5 Rxa3 52. Ke2 Rh3
53. f6 Rh7 54. Ng5 Nxf6 55. Rxf6 Rh4 56. Kd3 Rd4+ 57. Kc3 b5 58. cxb5 Rxd5 59.
Rg6 Kc7 60. Nf7 Rd4 61. Rf6 Rd1 62. Rh6 Rd4 63. Kc2 Rd5 64. Kc3 Rd4 65. Re6 Rd1
66. Re8 Kb6 67. Rb8+ Kc7 68. Ra8 Kb7 69. Rd8 Kc7 70. Ra8 Kb7 1/2-1/2

[Event "L. Polugaevsky Memorial 2012"]
[Site "Samara"]
[Date "2012.07.09"]
[Round "5.13"]
[White "Duzhakov, Ilya"]
[Black "Shomoev, Anton"]
[Result "0-1"]
[WhiteElo "2342"]
[BlackElo "2582"]
[PlyCount "74"]
[EventDate "2012.07.05"]

1. d4 d5 2. c4 c6 3. Nc3 Nf6 4. cxd5 cxd5 5. Bf4 Nc6 6. e3 a6 7. Bd3 Bg4 8. f3
Bh5 9. Nge2 e6 10. Rc1 Bg6 11. g4 Be7 12. h4 Bxd3 13. Qxd3 Nd7 14. Kf2 Bxh4+
15. Kg2 Nf8 16. e4 Nb4 17. Qd2 Be7 18. e5 Ng6 19. Be3 f6 20. f4 fxe5 21. dxe5
Nc6 22. Qc2 Nh4+ 23. Kg3 h5 24. Rxh4 Bxh4+ 25. Kg2 O-O 26. g5 Bxg5 27. fxg5
Nxe5 28. Rh1 Ng4 29. Qd3 d4 30. Qxd4 Qe8 31. Qe4 Rf5 32. Bf4 Qf7 33. g6 Qxg6
34. Ng3 Re8 35. Rxh5 Nf6 36. Rxf5 Nxe4 37. Re5 Nxc3 0-1

[Event "L. Polugaevsky Memorial 2012"]
[Site "Samara"]
[Date "2012.07.09"]
[Round "5.14"]
[White "Shaposhnikov, Evgeny"]
[Black "Zhurikhin, Alexander"]
[Result "1-0"]
[WhiteElo "2545"]
[BlackElo "2240"]
[PlyCount "87"]
[EventDate "2012.07.05"]

1. e4 e5 2. Nf3 Nc6 3. Bc4 Nf6 4. d3 h6 5. c3 d6 6. O-O g6 7. d4 Qe7 8. Re1 Bg7
9. Nbd2 O-O 10. h3 Qd8 11. Bd3 Nh5 12. Nb3 a5 13. a4 exd4 14. cxd4 Nb4 15. Bb1
b6 16. Be3 c5 17. Qd2 Kh7 18. Nc1 f5 19. exf5 Bxf5 20. Bxf5 Rxf5 21. Ne2 Qf6
22. Nh2 Rd5 23. Nc3 Rxd4 24. Bxd4 cxd4 25. Ne4 Qf4 26. Rad1 d3 27. g3 Qf8 28.
Ng4 Rc8 29. Rc1 Nc2 30. Qxd3 Nxe1 31. Rxe1 Bxb2 32. Rb1 Bg7 33. Rxb6 Rc1+ 34.
Kg2 Qa8 35. Rxd6 Rc3 36. Qe2 Ra3 37. Kh2 Rxa4 38. Ngf6+ Nxf6 39. Nxf6+ Bxf6 40.
Rxf6 Qe4 41. Qa6 h5 42. Rf7+ Kh6 43. Qf6 Qd4 44. Qe7 1-0

[Event "L. Polugaevsky Memorial 2012"]
[Site "Samara"]
[Date "2012.07.09"]
[Round "5.15"]
[White "Sukhareva, Evgeniya"]
[Black "Fedoseev, Vladimir"]
[Result "1/2-1/2"]
[WhiteElo "2259"]
[BlackElo "2506"]
[PlyCount "219"]
[EventDate "2012.07.05"]

1. d4 d5 2. Nf3 c6 3. c4 e6 4. Qc2 Bd6 5. Bg5 Ne7 6. Nc3 f5 7. e3 O-O 8. Be2
Nd7 9. O-O Nf6 10. Bf4 Ng6 11. Bxd6 Qxd6 12. Rfd1 Bd7 13. Rac1 Rac8 14. Qb1 Kh8
15. a3 Qe7 16. b4 Ne4 17. g3 Nf6 18. Qa1 Ng4 19. Bf1 dxc4 20. Bxc4 e5 21. dxe5
N4xe5 22. Be2 Nxf3+ 23. Bxf3 Ne5 24. Be2 Be6 25. Qb2 Nc4 26. Qa1 b5 27. Bxc4
Bxc4 28. Qb2 Rcd8 29. Nb1 Bd5 30. Rd4 Rde8 31. Nc3 Be6 32. Ne2 Bc4 33. Nf4 c5
34. Rd2 cxb4 35. axb4 Rd8 36. Rcd1 Kg8 37. h4 Rxd2 38. Rxd2 Rc8 39. h5 Bf7 40.
h6 Qg5 41. hxg7 Qxg7 42. Rd4 Be8 43. Qd2 Qc7 44. Kf1 Qc1+ 45. Qxc1 Rxc1+ 46.
Ke2 Ra1 47. Rd2 Kf7 48. Kd3 Kf6 49. Kd4 a5 50. bxa5 Rxa5 51. Kc5 Ra8 52. Rd6+
Kf7 53. Nd3 Rc8+ 54. Kd5 Rc2 55. Rb6 Rd2 56. Kd4 Kg7 57. Kc3 Ra2 58. Nb2 Ra3+
59. Kb4 Ra7 60. Kc3 Rc7+ 61. Kd4 Rd7+ 62. Kc3 Rf7 63. Nd3 Rc7+ 64. Kd4 Rc2 65.
Ke5 Rd2 66. Kd4 Rd1 67. Kc3 Rf1 68. Kd2 Rh1 69. Kc3 Kf7 70. Kd4 Rd1 71. Kc3 Kg7
72. Kc2 Ra1 73. Kc3 Ra4 74. Kd2 Rc4 75. Ne5 Rc8 76. Nf3 Rd8+ 77. Kc3 Rd5 78.
Nd4 h5 79. f4 Rc5+ 80. Kd3 Bf7 81. Rc6 Bc4+ 82. Kc3 Rd5 83. Kb4 Bd3 84. Rc5 Rd7
85. Nxf5+ Kf6 86. Nd4 Re7 87. Rxh5 Rxe3 88. Nxb5 Rxg3 89. Nc3 Rf3 90. Nd5+ Kf7
91. Re5 Bc2 92. Kc5 Bb3 93. f5 Bc2 94. Ne3 Bb1 95. Kd6 Kf6 96. Nd5+ Kg5 97. f6+
Kg6 98. Ke6 Ba2 99. Kd6 Kf7 100. Rg5 Rd3 101. Re5 Ra3 102. Re7+ Kf8 103. Re5
Ra6+ 104. Kc5 Kf7 105. Re7+ Kf8 106. Rd7 Bxd5 107. Rxd5 Kf7 108. Rd7+ Kxf6 109.
Rd6+ Rxd6 110. Kxd6 1/2-1/2

[Event "L. Polugaevsky Memorial 2012"]
[Site "Samara"]
[Date "2012.07.09"]
[Round "5.16"]
[White "Nakhapetiane, Pogos"]
[Black "Klyuev, Alexander S"]
[Result "1-0"]
[WhiteElo "2497"]
[BlackElo "2191"]
[PlyCount "53"]
[EventDate "2012.07.05"]

1. e4 c5 2. Nf3 d6 3. d4 cxd4 4. Nxd4 Nf6 5. Nc3 a6 6. h3 e6 7. g4 d5 8. Nde2
Bb4 9. a3 Bxc3+ 10. Nxc3 Nxe4 11. Nxe4 dxe4 12. Qxd8+ Kxd8 13. Be3 Bd7 14.
O-O-O Kc8 15. Bb6 Bc6 16. Rd6 a5 17. Be2 Nd7 18. Be3 Kc7 19. Rhd1 Nf6 20. Bf4
Kb6 21. c4 h6 22. h4 a4 23. g5 hxg5 24. hxg5 Ne8 25. c5+ Ka7 26. Rxc6 Rh4 27.
Bg3 1-0

[Event "L. Polugaevsky Memorial 2012"]
[Site "Samara"]
[Date "2012.07.09"]
[Round "5.17"]
[White "Korchmar, Vasiliy"]
[Black "Kabanov, Nikolai"]
[Result "0-1"]
[WhiteElo "2236"]
[BlackElo "2496"]
[PlyCount "70"]
[EventDate "2012.07.05"]

1. d4 Nf6 2. c4 c5 3. d5 b5 4. cxb5 a6 5. bxa6 g6 6. Nf3 Bxa6 7. g3 d6 8. Bg2
Nbd7 9. O-O Bg7 10. Nc3 Qa5 11. Qc2 Nb6 12. Rd1 O-O 13. Rb1 Nfd7 14. Qe4 Bxc3
15. bxc3 Qa4 16. Qxa4 Nxa4 17. Bd2 Ra7 18. Re1 Nf6 19. Ng5 Bc4 20. e4 Bxa2 21.
Ra1 Nb6 22. e5 dxe5 23. Rxe5 Rfa8 24. Ne4 Nxe4 25. Rxe4 Bxd5 26. Rxa7 Rxa7 27.
Re1 Bxg2 28. Kxg2 f6 29. Re6 Nc4 30. Bf4 g5 31. Re4 Ra4 32. Bc7 Kf7 33. g4 Nb2
34. Kf3 Ra3 35. Bd8 Rxc3+ 0-1

[Event "L. Polugaevsky Memorial 2012"]
[Site "Samara"]
[Date "2012.07.09"]
[Round "5.18"]
[White "Mirzoeva, Elmira"]
[Black "Iskusnyh, Sergei"]
[Result "1/2-1/2"]
[WhiteElo "2251"]
[BlackElo "2478"]
[PlyCount "78"]
[EventDate "2012.07.05"]

1. d4 d5 2. Nf3 Nf6 3. c4 c6 4. Nc3 e6 5. Bg5 Nbd7 6. cxd5 exd5 7. e3 Be7 8.
Qc2 Nh5 9. Bxe7 Qxe7 10. O-O-O Nb6 11. h3 Be6 12. Bd3 Nf6 13. Kb1 O-O-O 14. Nd2
Kb8 15. Nb3 Ne8 16. Nc5 Nd6 17. Rhe1 Bc8 18. f3 f5 19. f4 Ne4 20. Ne2 Nd7 21.
Nxd7+ Bxd7 22. Ng1 g5 23. fxg5 Qxg5 24. Nf3 Qg3 25. Ne5 Rhg8 26. Re2 Bc8 27.
Qb3 Ka8 28. Bxe4 fxe4 29. Rc1 Rgf8 30. Qc2 Be6 31. b4 Rc8 32. Kb2 Qg5 33. Qa4
Kb8 34. Qb3 Qe7 35. Rec2 Qd6 36. a4 Bd7 37. Ka2 Be6 38. Kb2 Bd7 39. Ka2 Be6
1/2-1/2

[Event "L. Polugaevsky Memorial 2012"]
[Site "Samara"]
[Date "2012.07.09"]
[Round "5.19"]
[White "Shapiro, David"]
[Black "Mokshanov, Alexey"]
[Result "0-1"]
[WhiteElo "2007"]
[BlackElo "2413"]
[PlyCount "102"]
[EventDate "2012.07.05"]

1. d4 d5 2. c4 e6 3. Nf3 Nf6 4. Nc3 Be7 5. Bg5 O-O 6. e3 a6 7. cxd5 exd5 8. Bd3
Nbd7 9. O-O c6 10. Qc2 Re8 11. Rae1 Nf8 12. Ne5 Ng4 13. Bxe7 Qxe7 14. Nxg4 Bxg4
15. Na4 Qg5 16. f3 Bh5 17. Qf2 Re7 18. Qg3 Qf6 19. Qf4 Nd7 20. Qxf6 Nxf6 21.
Kf2 Ne8 22. g4 Bg6 23. Bxg6 hxg6 24. Rc1 Nd6 25. Nb6 Rae8 26. Rfe1 g5 27. a4 g6
28. b3 Kg7 29. h3 f5 30. Rcd1 Kf6 31. Rc1 Nf7 32. b4 Nd6 33. Rcd1 Ke6 34. Rc1
Rh7 35. gxf5+ Kxf5 36. Kg2 Rhe7 37. Kf2 Kf6 38. Rcd1 Nf5 39. Rd3 Nd6 40. Rdd1
Kg7 41. Rd2 Rf7 42. Kg2 Nf5 43. Kh1 Rxe3 44. Rxe3 Nxe3 45. Rd3 Rxf3 46. Nd7
Rxh3+ 47. Kg1 g4 48. Nc5 Nc2 49. Rxh3 gxh3 50. Kh2 Nxd4 51. Nxb7 Nc2 0-1

[Event "L. Polugaevsky Memorial 2012"]
[Site "Samara"]
[Date "2012.07.09"]
[Round "5.20"]
[White "Bochkarev, Alexey"]
[Black "Velichko, Arseny"]
[Result "1-0"]
[WhiteElo "2410"]
[BlackElo "1914"]
[PlyCount "89"]
[EventDate "2012.07.05"]

1. d4 d5 2. Nf3 Nf6 3. Bf4 c5 4. e3 Nc6 5. c3 Qb6 6. Qc1 Bf5 7. Be2 e6 8. Nbd2
Rc8 9. a3 Be7 10. O-O h6 11. Bg3 O-O 12. dxc5 Bxc5 13. b4 Be7 14. c4 Ne4 15.
Nxe4 dxe4 16. c5 Qd8 17. Rd1 Qe8 18. Nd4 Nxd4 19. exd4 a5 20. Qb2 axb4 21. Qxb4
e5 22. Bb5 Bd7 23. Bxd7 Qxd7 24. Bxe5 Rfd8 25. Qb3 Kf8 26. Bf4 Qd5 27. Qxd5
Rxd5 28. Be3 Rcd8 29. Rdb1 Bf6 30. Rxb7 Bxd4 31. Bxd4 Rxd4 32. g3 Rc4 33. Rb4
Rxc5 34. Rxe4 Ra5 35. Ra2 g6 36. Kg2 Kg7 37. a4 h5 38. h4 Rd3 39. Rb4 Rc3 40.
Kf1 Rcc5 41. Ke2 Ra7 42. Kd3 Rca5 43. Rc4 Rd5+ 44. Kc3 Rad7 45. Kb4 1-0

[Event "L. Polugaevsky Memorial 2012"]
[Site "Samara"]
[Date "2012.07.09"]
[Round "5.21"]
[White "Kobylsky, Evgeny"]
[Black "Dvoirys, Semen I"]
[Result "0-1"]
[WhiteElo "2091"]
[BlackElo "2580"]
[PlyCount "42"]
[EventDate "2012.07.05"]

1. e4 c5 2. Nc3 Nc6 3. g3 g6 4. Bg2 Bg7 5. d3 Rb8 6. f4 b5 7. Nf3 d6 8. O-O e6
9. f5 exf5 10. exf5 Bxf5 11. Ng5 Ne5 12. g4 Bd7 13. Bd5 Nf6 14. Bf4 Nxd5 15.
Nxd5 O-O 16. Ne4 Bxg4 17. Qe1 Nf3+ 18. Rxf3 Bxf3 19. Bg5 Bd4+ 20. Kf1 f6 21.
Bh6 Rf7 0-1

[Event "L. Polugaevsky Memorial 2012"]
[Site "Samara"]
[Date "2012.07.09"]
[Round "5.22"]
[White "Bukavshin, Ivan"]
[Black "Smetanov, Nikolay"]
[Result "0-1"]
[WhiteElo "2487"]
[BlackElo "2095"]
[PlyCount "108"]
[EventDate "2012.07.05"]

1. d4 Nf6 2. c4 g6 3. f3 d5 4. cxd5 Nxd5 5. e4 Nb6 6. Nc3 Bg7 7. Be3 O-O 8. Qd2
Nc6 9. O-O-O e5 10. d5 Nd4 11. f4 Bg4 12. Re1 c5 13. h3 Bd7 14. fxe5 Bxe5 15.
Nf3 Nxf3 16. gxf3 Qh4 17. Bg5 Qg3 18. Be2 Bd4 19. Bf4 Qh4 20. Be3 Bxe3 21. Qxe3
Rac8 22. f4 Rfe8 23. e5 Bf5 24. d6 Rcd8 25. Bb5 Re6 26. Rd1 f6 27. Rhe1 fxe5
28. fxe5 Kg7 29. Qxc5 Rc8 30. Qe3 Qb4 31. d7 Rd8 32. Rd6 Nc4 33. Bxc4 Qxc4 34.
Rd4 Qc7 35. Qd2 Rxe5 36. Rd1 Re7 37. Rd6 Rdxd7 38. Qd4+ Kg8 39. Qf6 Rf7 40. Qe5
Rxd6 41. Rxd6 Qe7 42. Qg3 Rf8 43. Rd2 Rc8 44. Kd1 Qc7 45. Qe3 Qc5 46. Rd4 Qc6
47. Rd5 Re8 48. Qd4 Qe6 49. Qd2 Bxh3 50. Kc2 Bf5+ 51. Kb3 Rd8 52. Ka3 Rxd5 53.
Nxd5 Qd6+ 54. b4 Be4 0-1

[Event "L. Polugaevsky Memorial 2012"]
[Site "Samara"]
[Date "2012.07.09"]
[Round "5.23"]
[White "Sorochan, Dmitry"]
[Black "Rozhko, Dmitry"]
[Result "1/2-1/2"]
[WhiteElo "2068"]
[BlackElo "2406"]
[PlyCount "120"]
[EventDate "2012.07.05"]

1. e4 e6 2. d4 d5 3. Nc3 Bb4 4. e5 c5 5. Qg4 Ne7 6. dxc5 Nbc6 7. a3 Bxc3+ 8.
bxc3 Qa5 9. Bd2 O-O 10. Nf3 Ng6 11. Bd3 Ncxe5 12. Nxe5 Nxe5 13. Bxh7+ Kxh7 14.
Qh5+ Kg8 15. Qxe5 Qxc5 16. O-O f6 17. Qh5 e5 18. Rab1 a5 19. Rb3 Qc7 20. c4
dxc4 21. Rg3 Be6 22. Re1 Rad8 23. Bh6 Rf7 24. h3 Kf8 25. Bc1 Ke7 26. f4 exf4
27. Rf3 g5 28. Rf2 Qb6 29. Kf1 Rd6 30. a4 Qb4 31. Rfe2 c3 32. Qg4 f5 33. Qxg5+
Kd7 34. Kg1 Qd4+ 35. Kh2 f3 36. gxf3 Rg7 37. Qf4 Qxf4+ 38. Bxf4 Rc6 39. Rd1+
Ke8 40. h4 Kf7 41. Rd4 Rh7 42. Bg5 Kg6 43. Re5 b6 44. Re1 f4 45. Red1 Rc5 46.
Rg1 Kf7 47. Rxf4+ Rf5 48. Kg3 Rxf4 49. Kxf4 Bd7 50. Rb1 Bxa4 51. Rxb6 {
%07-2080175021} Bxc2 52. Rc6 a4 53. Rxc3 Bb3 54. Rc7+ Kg6 55. Rc6+ Kh5 56. Ra6
Bc2 57. Kg3 Rh8 58. f4 Rh7 59. Rc6 Bb3 60. Ra6 Bc2 1/2-1/2

[Event "L. Polugaevsky Memorial 2012"]
[Site "Samara"]
[Date "2012.07.09"]
[Round "5.24"]
[White "Komendatyan, Artyom"]
[Black "Dimukhametov, Artur"]
[Result "0-1"]
[WhiteElo "2036"]
[BlackElo "2355"]
[PlyCount "60"]
[EventDate "2012.07.05"]

1. e4 e6 2. d4 d5 3. Nc3 Bb4 4. e5 c5 5. a3 Bxc3+ 6. bxc3 Qc7 7. Nf3 Nc6 8. Bd2
Bd7 9. Bd3 Nge7 10. h4 O-O-O 11. h5 f6 12. Bf4 cxd4 13. exf6 Qxf4 14. fxe7 Rde8
15. Rh4 Qf6 16. cxd4 Rxe7 17. g3 e5 18. dxe5 Nxe5 19. Nxe5 Rf8 20. f4 Rxe5+ 21.
Kd2 Re6 22. Rb1 Rc6 23. Rb3 Rc7 24. Bxh7 Re8 25. Qf3 Qd4+ 26. Rd3 Rxc2+ 27.
Kxc2 Ba4+ 28. Rb3 Bxb3+ 29. Qxb3 Re2+ 30. Kc1 Qd2+ 0-1

[Event "L. Polugaevsky Memorial 2012"]
[Site "Samara"]
[Date "2012.07.09"]
[Round "5.25"]
[White "Fatkhutdinov, Gafiyat"]
[Black "Chekletsov, Ilya"]
[Result "1-0"]
[WhiteElo "2354"]
[BlackElo "2021"]
[PlyCount "115"]
[EventDate "2012.07.05"]

1. Nf3 c5 2. e4 e6 3. c3 d5 4. exd5 exd5 5. Bb5+ Nc6 6. d4 Bd6 7. O-O Nge7 8.
dxc5 Bxc5 9. Nbd2 Bb6 10. Nb3 O-O 11. Re1 Bg4 12. Be3 Qd6 13. Bxb6 axb6 14. Be2
Rfe8 15. Nfd4 Bxe2 16. Qxe2 Qd7 17. Qb5 Qc7 18. Re2 Na7 19. Qd3 Nec6 20. Rae1
Rxe2 21. Qxe2 Qd7 22. Nf3 h6 23. h3 Rd8 24. a3 Nc8 25. Qd3 N8e7 26. Nbd4 Re8
27. Qb5 Qd8 28. Rd1 Qc7 29. Nc2 Rd8 30. Ne3 Ne5 31. Nxe5 Qxe5 32. Qxb6 Rd7 33.
Qd4 Qe6 34. Qg4 f5 35. Qf3 g6 36. Nc2 Kh7 37. Qe3 Qf6 38. Qd4 Qf7 39. Nb4 Nc6
40. Qc5 Nxb4 41. Qxb4 Qe6 42. Qd4 Qe2 43. c4 f4 44. cxd5 f3 45. d6 fxg2 46.
Kxg2 Qc2 47. Rd2 Qf5 48. Qd5 Qf4 49. Rd3 h5 50. Rf3 Qc1 51. Rf7+ Rxf7 52. Qxf7+
Kh6 53. Qf8+ Kh7 54. Qe7+ Kg8 55. d7 Qc6+ 56. Kg3 h4+ 57. Kxh4 g5+ 58. Qxg5+
1-0